书目信息 |
| 题名: |
金玉良言
|
|
| 作者: | 张雪松 编著 | |
| 分册: | ||
| 出版信息: | 北京 华文出版社 2005.01 |
|
| 页数: | 258页 | |
| 开本: | 24cm | |
| 丛书名: | ||
| 单 册: | ||
| 中图分类: | F270-49 | |
| 科图分类: | ||
| 主题词: | 企业管理--通俗读物 | |
| 电子资源: | ||
| ISBN: | 7-5075-1769-1 | |
| 000 | 00846nam0 2200229 450 | |
| 001 | 0149118343 | |
| 005 | 20050906181105.53 | |
| 010 | @a7-5075-1769-1@dCNY27.80 | |
| 100 | @a20050427d2005 km y0chiy0120 ea | |
| 101 | 0 | @achi |
| 102 | @aCN@b110000 | |
| 105 | @aa z 000yy | |
| 200 | 1 | @a金玉良言@Ajin yu liang yan@e影响人类生活的21条黄金法则@f张雪松编著@Fzhang xue song bian zhu |
| 210 | @a北京@c华文出版社@d2005.01 | |
| 215 | @a258页@c图@d24cm | |
| 330 | @a本书精选了人类生活中总结出的21条最具代表性的黄金法则,旨在将这些亘古不便的真理运用到企业的经营管理与人们的经济生活中。 | |
| 517 | 1 | @a影响人类生活的21条黄金法则@Aying xiang ren lei sheng huo de 21 tiao huang jin fa ze |
| 606 | 0 | @a企业管理@x通俗读物 |
| 690 | @aF270-49@v4 | |
| 701 | 0 | @a张雪松@Azhang xue song@4编著 |
| 801 | 0 | @aCN@bQSSK@c20050906 |
| 905 | @a10447@dF270-49@eZ216 | |
| 金玉良言:影响人类生活的21条黄金法则/张雪松编著.-北京:华文出版社,2005.01 |
| 258页:图;24cm |
| ISBN 7-5075-1769-1:CNY27.80 |
| 本书精选了人类生活中总结出的21条最具代表性的黄金法则,旨在将这些亘古不便的真理运用到企业的经营管理与人们的经济生活中。 |
| ● |
| 相关链接 |
|
|
|
正题名:金玉良言
索取号:F270-49/Z216
 
预约/预借
| 序号 | 登录号 | 条形码 | 馆藏地/架位号 | 状态 | 备注 |
| 1 | 560900 | 205609000 | 社科库409/409社科库 86排2列2层/ [索取号:F270-49/Z216] | 在馆 | |
| 2 | 560901 | 205609019 | 社科库409/409社科库 86排2列2层/ [索取号:F270-49/Z216] | 在馆 | |
| 3 | 560902 | 205609028 | 社科库409/409社科库 86排2列2层/ [索取号:F270-49/Z216] | 在馆 |